Orange Animals - Statistics

General Stats
  • This quiz has been taken 17 times
  • The average score is 3 of 7
Answer Stats
Answer % Correct
Tiger
93%
Fox
40%
Goldfish
40%
Clownfish
27%
Monarch Butterfly
27%
Maned Wolf
20%
Orangutan
20%
No matching quizzes found
Score Distribution
Percent of People with Each Score
Percentile by Number Answered
Your Score History
You have not taken this quiz